[Event "Bad Woerishofen op 30th"]
[Site "Bad Woerishofen"]
[Date "2014.03.23"]
[Round "6"]
[White "Vaclahovsky, Gerhard"]
[Black "Specht, Helmut"]
[Result "0-1"]
[WhiteElo "1725"]
[BlackElo "2011"]
[PlyCount "52"]
[EventDate "2014.03.21"]
[EventType "swiss"]
[EventRounds "9"]
[EventCountry "GER"]
[SourceTitle "EXT 2019"]
[Source "ChessBase"]
[SourceDate "2018.10.10"]
[SourceVersion "1"]
[SourceVersionDate "2018.10.10"]
[SourceQuality "1"]

1. e4 c6 2. d4 d5 3. exd5 cxd5 4. Nf3 Nf6 5. Be2 Nc6 6. c3 Bg4 7. Bf4 Bxf3 8. Bxf3 e6 9. Nd2 Be7 10. 0-0 0-0 11. Re1 b5 12. Qb3 a6 13. Rac1 Rc8 14. a3 Bd6 15. Bxd6 Qxd6 16. Qc2 Nxd4 17. Qd3 Nc6 18. c4 Ne5 19. Qd4 Nxc4 20. Nxc4 Rxc4 21. Rxc4 bxc4 22. g4 Rb8 23. g5 Nd7 24. h4 Qb6 25. Qxb6 Rxb6 26. Bxd5 exd5 0-1

[Event "Bad Woerishofen op 23th"]
[Site "Bad Woerishofen"]
[Date "2007.03.08"]
[Round "1"]
[White "Salvermoser, Bernd"]
[Black "Specht, Helmut"]
[Result "1-0"]
[WhiteElo "2300"]
[BlackElo "2020"]
[PlyCount "49"]
[EventDate "2007.03.08"]
[EventType "swiss"]
[EventRounds "9"]
[EventCountry "GER"]
[SourceTitle "EXT 2008"]
[Source "ChessBase"]
[SourceDate "2007.11.25"]
[SourceVersion "1"]
[SourceVersionDate "2007.11.25"]
[SourceQuality "1"]

1. d4 d5 2. c4 e6 3. Nc3 Nf6 4. cxd5 exd5 5. Bg5 Be7 6. e3 c6 7. Qc2 h6 8. Bh4 Ne4 9. Bxe7 Qxe7 10. Nxd5 cxd5 11. Qxc8+ Qd8 12. Bb5+ Nc6 13. Bxc6+ bxc6 14. Qxc6+ Kf8 15. Ne2 g6 16. 0-0 Kg7 17. Nf4 Nf6 18. Rfc1 g5 19. Nd3 Qe7 20. Qc7 Qe6 21. Qe5 Qb6 22. Nc5 Rad8 23. Rab1 Rhe8 24. Qf5 Ne4 25. Nxe4 1-0

[Event "Bad Woerishofen op 18th"]
[Site "Bad Woerishofen"]
[Date "2002.??.??"]
[Round "9"]
[White "Dreesen, Jan"]
[Black "Specht, Helmut"]
[Result "1-0"]
[WhiteElo "2137"]
[BlackElo "2029"]
[PlyCount "101"]
[EventDate "2002.03.??"]
[EventType "swiss"]
[EventRounds "9"]
[EventCountry "GER"]
[SourceTitle "EXT 2003"]
[Source "ChessBase"]
[SourceDate "2002.11.25"]
[SourceVersion "1"]
[SourceVersionDate "2002.11.25"]
[SourceQuality "1"]

1. e4 d5 2. exd5 Qxd5 3. Nc3 Qa5 4. d4 c6 5. Bc4 Bf5 6. Qe2 Nf6 7. Bd2 e6 8. d5 cxd5 9. Nxd5 Qd8 10. Nxf6+ Qxf6 11. Bb5+ Nc6 12. 0-0-0 Rd8 13. Nf3 Bg4 14. Bg5 Rxd1+ 15. Qxd1 Qxg5+ 16. Nxg5 Bxd1 17. Rxd1 Bc5 18. Ne4 Be7 19. Nd6+ Bxd6 20. Bxc6+ Ke7 21. Bxb7 Rb8 22. Bc6 Rb6 23. Ba4 h5 24. h3 g5 25. c3 a5 26. Kc2 g4 27. Rd3 f5 28. a3 f4 29. hxg4 hxg4 30. f3 gxf3 31. gxf3 Kf6 32. Rd4 Ke7 33. Rc4 Rb8 34. Bc6 e5 35. b4 Bc7 36. Be4 Bd6 37. Rc6 axb4 38. cxb4 Bxb4 39. axb4 Rxb4 40. Kc3 Ra4 41. Rc4 Ra1 42. Kb4 Rd1 43. Kc5 Ke6 44. Kb6 Kd6 45. Rc6+ Ke7 46. Kc5 Kd7 47. Bf5+ Ke7 48. Re6+ Kf7 49. Bg4 Rd2 50. Rxe5 Kg6 51. Rf5 1-0

[Event "Bad Woerishofen op 18th"]
[Site "Bad Woerishofen"]
[Date "2002.??.??"]
[Round "7"]
[White "Schellmann, Frank"]
[Black "Specht, Helmut"]
[Result "0-1"]
[WhiteElo "2145"]
[BlackElo "2029"]
[PlyCount "48"]
[EventDate "2002.03.??"]
[EventType "swiss"]
[EventRounds "9"]
[EventCountry "GER"]
[SourceTitle "EXT 2003"]
[Source "ChessBase"]
[SourceDate "2002.11.25"]
[SourceVersion "1"]
[SourceVersionDate "2002.11.25"]
[SourceQuality "1"]

1. e4 d5 2. exd5 Qxd5 3. Nc3 Qa5 4. d4 c6 5. Bc4 Bf5 6. Nf3 e6 7. Bd2 Qc7 8. Ne5 Nd7 9. Bf4 Nxe5 10. Bxe5 Qd7 11. Qe2 0-0-0 12. g4 Bg6 13. 0-0-0 Nf6 14. f3 Nd5 15. Ne4 Bxe4 16. fxe4 Nb6 17. Bb3 h6 18. c4 Qe7 19. Kb1 Nd7 20. Bg3 g5 21. Rhf1 Bg7 22. d5 c5 23. Qf2 Qf6 24. Qe3 Qxb2# 0-1

[Event "Bad Woerishofen op 17th"]
[Site "Bad Woerishofen"]
[Date "2001.??.??"]
[Round "4"]
[White "Hohner, Karl Heinz"]
[Black "Specht, Helmut"]
[Result "1/2-1/2"]
[WhiteElo "2059"]
[BlackElo "1831"]
[PlyCount "45"]
[EventDate "2001.03.15"]
[EventType "swiss"]
[EventRounds "9"]
[EventCountry "GER"]
[SourceTitle "CBM 081 Extra"]
[Source "ChessBase"]
[SourceDate "2001.05.06"]
[SourceVersion "1"]
[SourceVersionDate "2001.05.06"]
[SourceQuality "1"]

1. e4 d5 2. exd5 Qxd5 3. Nc3 Qa5 4. d4 c6 5. Bc4 Nf6 6. Bd2 Qc7 7. Nf3 Bf5 8. Bb3 e6 9. Qe2 Nbd7 10. h3 0-0-0 11. 0-0-0 h6 12. Rhe1 Nd5 13. Ne5 Nxc3 14. Bxc3 Nxe5 15. dxe5 Be7 16. Kb1 Rxd1+ 17. Rxd1 Rd8 18. Rxd8+ Qxd8 19. a3 Bc5 20. f3 Bg6 21. Bc4 Qg5 22. Bd2 Qd8 23. Bc3 1/2-1/2

[Event "Passau op 7th"]
[Site "Passau"]
[Date "1999.04.04"]
[Round "6"]
[White "Heumann, Joern"]
[Black "Specht, Helmut"]
[Result "1-0"]
[WhiteElo "2048"]
[BlackElo "1805"]
[PlyCount "59"]
[EventDate "1999.04.02"]
[EventType "swiss"]
[EventRounds "7"]
[EventCountry "GER"]
[SourceTitle "EXT 2000"]
[Source "ChessBase"]
[SourceDate "1999.11.16"]
[SourceVersion "1"]
[SourceVersionDate "1999.11.16"]
[SourceQuality "1"]

1. e4 d5 2. exd5 Qxd5 3. Nc3 Qa5 4. d4 c6 5. Nf3 Bf5 6. Bc4 e6 7. 0-0 Nd7 8. Bd2 Ngf6 9. Bb3 Qc7 10. Qe2 0-0-0 11. Ne5 Nxe5 12. dxe5 Nd5 13. Na4 Kb8 14. Rfd1 Qc8 15. c4 Nc7 16. Bg5 Rxd1+ 17. Rxd1 Bb4 18. a3 Ba5 19. Ba2 Na6 20. Be7 Bd8 21. Bd6+ Nc7 22. b4 Ka8 23. Rc1 b6 24. Nc3 Bg5 25. Rd1 a6 26. Na4 Ka7 27. f4 Bxf4 28. Qf2 Bg5 29. Nxb6 Qd8 30. Nd5+ 1-0

[Event "Passau op 7th"]
[Site "Passau"]
[Date "1999.04.04"]
[Round "5"]
[White "Specht, Helmut"]
[Black "Heil, Walter"]
[Result "1/2-1/2"]
[WhiteElo "1805"]
[BlackElo "2080"]
[PlyCount "36"]
[EventDate "1999.04.02"]
[EventType "swiss"]
[EventRounds "7"]
[EventCountry "GER"]
[SourceTitle "EXT 2000"]
[Source "ChessBase"]
[SourceDate "1999.11.16"]
[SourceVersion "1"]
[SourceVersionDate "1999.11.16"]
[SourceQuality "1"]

1. e4 d5 2. exd5 Qxd5 3. Nc3 Qa5 4. g3 c6 5. Bg2 Nf6 6. d3 Bf5 7. Bd2 Qc7 8. Nge2 Nbd7 9. 0-0 0-0-0 10. b4 h5 11. b5 c5 12. a4 h4 13. a5 hxg3 14. fxg3 Bh3 15. b6 axb6 16. Nb5 Qb8 17. axb6 Nxb6 18. Ba5 Nfd7 1/2-1/2

[Event "Passau op 7th"]
[Site "Passau"]
[Date "1999.04.03"]
[Round "3"]
[White "Specht, Helmut"]
[Black "Ritz, Thomas"]
[Result "1/2-1/2"]
[WhiteElo "1805"]
[BlackElo "2132"]
[PlyCount "91"]
[EventDate "1999.04.02"]
[EventType "swiss"]
[EventRounds "7"]
[EventCountry "GER"]
[SourceTitle "EXT 2000"]
[Source "ChessBase"]
[SourceDate "1999.11.16"]
[SourceVersion "1"]
[SourceVersionDate "1999.11.16"]
[SourceQuality "1"]

1. e4 c5 2. Nc3 Nc6 3. f4 g6 4. Nf3 Bg7 5. Bc4 d6 6. 0-0 e6 7. d3 Nge7 8. Qe1 Nd4 9. Nxd4 cxd4 10. Ne2 0-0 11. Qf2 d5 12. Bb3 dxe4 13. dxe4 b5 14. e5 Nf5 15. Rd1 Bb7 16. g4 Nh4 17. Nxd4 Nf3+ 18. Kf1 g5 19. c3 Nxd4 20. Rxd4 Qc7 21. Bc2 Rad8 22. Be3 f6 23. Rxd8 Qxd8 24. Bc5 Rf7 25. Rd1 Bd5 26. exf6 Rxf6 27. f5 Bc4+ 28. Ke1 Qa8 29. Bd4 e5 30. Be3 Qh1+ 31. Kd2 Rd6+ 32. Kc1 Rxd1+ 33. Bxd1 Bxa2 34. Bxg5 Qe4 35. Qc2 Qc6 36. b3 Qa6 37. f6 Bf8 38. b4 Bf7 39. Qb2 Qc6 40. Bb3 Qh1+ 41. Bd1 Bc4 42. Qd2 Bb3 43. Qe2 a5 44. bxa5 Ba3+ 45. Kd2 Qd5+ 46. Ke1 1/2-1/2

[Event "Augsburg Afro op"]
[Site "Augsburg"]
[Date "1998.??.??"]
[Round "3"]
[White "Specht, Helmut"]
[Black "Ross, Thomas"]
[Result "1/2-1/2"]
[WhiteElo "1765"]
[BlackElo "1925"]
[PlyCount "55"]
[EventDate "1998.??.??"]
[EventType "swiss"]
[EventRounds "7"]
[EventCountry "GER"]
[SourceTitle "EXT 2004"]
[Source "ChessBase"]
[SourceDate "2003.11.25"]
[SourceVersion "1"]
[SourceVersionDate "2003.11.25"]
[SourceQuality "1"]

1. d4 Nf6 2. c4 e6 3. Nf3 b6 4. g3 Bb7 5. Bg2 Be7 6. 0-0 0-0 7. Nc3 Ne4 8. Qc2 Nxc3 9. Qxc3 c5 10. Be3 Bf6 11. Qd2 d6 12. dxc5 dxc5 13. Rfd1 Na6 14. a3 Qxd2 15. Rxd2 Rad8 16. Rad1 Rxd2 17. Rxd2 Rd8 18. Rxd8+ Bxd8 19. Ne5 Bxg2 20. Kxg2 Nb8 21. f4 f6 22. Nd3 Nc6 23. Bd2 Kf7 24. e4 Nd4 25. Kf2 Bc7 26. Bc3 Nc6 27. Ke3 g5 28. a4 1/2-1/2

[Event "Augsburg Afro op"]
[Site "Augsburg"]
[Date "1998.??.??"]
[Round "1"]
[White "Specht, Helmut"]
[Black "Wolfsteiner, Helmut"]
[Result "0-1"]
[WhiteElo "1765"]
[BlackElo "2180"]
[PlyCount "80"]
[EventDate "1998.??.??"]
[EventType "swiss"]
[EventRounds "7"]
[EventCountry "GER"]
[SourceTitle "EXT 2004"]
[Source "ChessBase"]
[SourceDate "2003.11.25"]
[SourceVersion "1"]
[SourceVersionDate "2003.11.25"]
[SourceQuality "1"]

1. e4 c5 2. Nc3 d6 3. g3 Nc6 4. Bg2 g6 5. d3 Bg7 6. Be3 Rb8 7. Rb1 b5 8. Nge2 Qa5 9. a3 e6 10. 0-0 Nge7 11. Qc1 0-0 12. Bh6 Nd4 13. Bxg7 Kxg7 14. Nxd4 cxd4 15. Ne2 e5 16. f4 f6 17. fxe5 dxe5 18. h3 Be6 19. Qe1 Qxe1 20. Rbxe1 Rfc8 21. Rc1 b4 22. axb4 Rxb4 23. b3 Rb6 24. Ra1 Rxc2 25. Rxa7 Kf7 26. Nc1 Bxb3 27. Nxb3 Rxb3 28. g4 g5 29. h4 h6 30. hxg5 hxg5 31. Rf3 Rb1+ 32. Bf1 Ke6 33. Ra8 Rc8 34. Ra6+ Rc6 35. Ra8 Ng6 36. Rf2 Nf4 37. Rh2 Rcc1 38. Ra6+ Kf7 39. Ra7+ Kg6 40. Rf2 Nh3+ 0-1

[Event "Bad Woerishofen op 13th"]
[Site "Bad Woerishofen"]
[Date "1997.??.??"]
[Round "2"]
[White "Specht, Helmut"]
[Black "Woerl, Richard"]
[Result "0-1"]
[WhiteElo "1725"]
[BlackElo "2060"]
[PlyCount "78"]
[EventDate "1997.03.07"]
[EventType "swiss"]
[EventRounds "9"]
[EventCountry "GER"]
[SourceTitle "EXT 2000"]
[Source "ChessBase"]
[SourceDate "1999.11.16"]
[SourceVersion "1"]
[SourceVersionDate "1999.11.16"]
[SourceQuality "1"]

1. e4 e6 2. d4 d5 3. exd5 exd5 4. Bd3 Bd6 5. Nf3 f6 6. 0-0 Ne7 7. c4 c6 8. cxd5 cxd5 9. Qc2 g6 10. Nc3 Nbc6 11. h3 a6 12. a3 Qc7 13. Re1 Kf7 14. Bd2 Be6 15. Re2 Rhe8 16. Rae1 Nf5 17. Bxf5 Bxf5 18. Qb3 Rxe2 19. Rxe2 Ne7 20. Nxd5 Nxd5 21. Qxd5+ Kg7 22. g4 Bd3 23. Re3 Rd8 24. Qe6 Bc4 25. d5 Bxd5 26. Qxd5 Bh2+ 27. Nxh2 Rxd5 28. Bc3 Rd1+ 29. Kg2 Qc6+ 30. Nf3 g5 31. Re7+ Kg6 32. Re3 h5 33. gxh5+ Kxh5 34. Kg3 Qd6+ 35. Kg2 Kg6 36. Re4 Qd5 37. Rg4 Rd3 38. Rg3 Kf7 39. Bb4 f5 0-1